| 000 | 00653ntaaa2200229 4500 | ||
|---|---|---|---|
| 003 | 01 | ||
| 005 | 20251027202124.0 | ||
| 008 | 0714s1973 ag 01 | ||
| 040 |
_aAR-BaBN _bspa _cAR-BaBN _eaacr _dRIC |
||
| 082 | _a261.8300 B64 | ||
| 100 |
_aBorges Costa, Leticia _919691 |
||
| 245 | _aRol de la mujer en la iglesia y en la sociedad | ||
| 250 | _a1 ed. | ||
| 260 |
_aPiriápolis : _bJornadas Ecuménicas Latinoamericanas, _c1967 |
||
| 300 | _a123 p | ||
| 500 | _aConclusiones y recomendaciones | ||
| 650 |
_amujeres _93053 |
||
| 650 |
_aCastro, Emilio: p.93 _919692 |
||
| 650 |
_asociedad-iglesian _919693 |
||
| 700 |
_aOtros, _913169 |
||
| 942 | _cBK | ||
| 999 |
_c16110 _d16110 |
||